50 Atrizes Brasileiras - Statistics

Estatísticas Gerais
  • Esse quiz foi jogado 87 vezes
  • A pontuação média é 18 de 50
Estatísticas das Respostas
Resposta % Correto
Fernanda Montenegro
77%
Juliana Paes
71%
Fernanda Torres
69%
Bruna Marquezine
62%
Taís Araújo
60%
Paolla Oliveira
57%
Flávia Alessandra
55%
Glória Pires
52%
Giovanna Antonelli
51%
Regina Duarte
51%
Camila Pitanga
49%
Marina Ruy Barbosa
49%
Susana Vieira
49%
Adriana Esteves
46%
Vera Fischer
46%
Cláudia Raia
45%
Glória Menezes
42%
Deborah Secco
40%
Alessandra Negrini
38%
Ísis Valverde
38%
Débora Bloch
37%
Carolina Dieckmann
35%
Débora Falabella
35%
Grazi Massafera
35%
Larissa Manoela
35%
Laura Cardoso
35%
Ana Paula Arósio
32%
Cláudia Abreu
31%
Patrícia Pillar
31%
Mariana Ximenes
29%
Paloma Duarte
26%
Carol Castro
25%
Cássia Kis
23%
Leandra Leal
23%
Maitê Proença
23%
Malu Mader
23%
Marília Pêra
22%
Andréa Beltrão
20%
Arlete Salles
20%
Betty Faria
20%
Cláudia Ohana
20%
Maria Fernanda Cândido
20%
Sophie Charlotte
20%
Nicette Bruno
15%
Sônia Braga
15%
Camila Morgado
14%
Bruna Lombardi
11%
Danielle Winits
9%
Joana Fomm
9%
Alice Wegmann
8%
Nenhum quiz correspondente encontrado
Distribuição das Pontuações
Porcentagem de Pessoas com Cada Pontuação
Percentil de Números Respondidos
Sua Pontuação Histórica
Você não jogou esse quiz